=LDR 00000nam 2200000 4500 =001 NUTBA000000000006252 =005 20200330012408 =035 ##$$a 0010-111400000000731 =008 200330################g##########0#ind## =082 ##$$a 2x0 =090 ##$$a 2x0 sja k =100 ##$$a Munawir Sjadzali =245 1#$$a Kontekstualisasi ajaran islam /$c Prof. Dr. H. Munawir Sjadzali,MA.; Editor: Muhamad Wahyuni Nafis, Budhy Munawar Rachman [ at.al. ] =260 ##$$a Jakarta :$b IPHI,$c 1995 =300 ##$$a xiv,665 hlm : $b ilus ; $c 20 x 14 cm =850 ##$$aNBPNMAT =020 ##$$a 979-8321-06-5 =084 ##$$a 2x0 MUN k =650 #4$$a Islam =990 ##$$a 00089535